Principle of Macroeconomics
Saved in:
| Main Author: | |
|---|---|
| Format: | Book |
| Published: |
S. Chand
|
| Subjects: | |
| Tags: |
No Tags, Be the first to tag this record!
|
MARC
| LEADER | 00000nam a2200000Ia 4500 | ||
|---|---|---|---|
| 005 | 20260427112703.0 | ||
| 526 | |b Economics | ||
| 100 | |a H.L. Ahuja | ||
| 020 | |a 9789352837311 | ||
| 650 | |a Macroeconomics | ||
| 526 | |a Bachelors | ||
| 942 | |c BK | ||
| 245 | |a Principle of Macroeconomics | ||
| 260 | |b S. Chand | ||
| 999 | |c 64 |d 64 | ||
| 952 | |0 0 |1 0 |4 0 |7 0 |8 1 |a BRISTOL |b BRISTOL |d 2026-04-22 |l 0 |p 000004 |r 2026-04-27 11:27:04 |w 2026-04-27 |y BK | ||